zpět

Detail výsledku týmu

MaxWilliam, Znojmo

Datum a čas kvízu

30.5 Celkem bodů Celkový počet nahraných bodů na tomto kvízu bez doplňovacích otázek.
2. Pořadí na kvízu Konečné umístění týmu na tomto kvízu.

Zaznamenané odpovědi

# Otázka Odpověď Body Výsledky
1. Zástupci organizace Liga Libe... v roušce 1
2. V pondělí oslavil své 85. naro... dalajláma 1
3. V pondělí zemřel hudební sklad... 91 let 0
4. Automobilka Tesla nedávno popr... šortky 0
5. Za nejlepšího hráče sezony prv... Ondřej Kolář 0
6. Různé návykové látky jsou užív... zelená, peprmintka 1
7. Tabákové listy obsahují návyko... viržinský 1
8. Vhodné kultivary konopí jsou p... pazdeří 0
9. Znáte nebo dokážete odvodit ná... Heroin 0
10. Kokain je získáván z listů tro... D 0